Every Movie Directed by Alex Garland - Statistics

General Stats
  • This quiz has been taken 6 times
  • The average score is 5 of 6
Answer Stats
Year Film % Correct
2018 Annihilation
100%
2024 Civil War
100%
2015 Ex Machina
100%
2022 Men
80%
Upcoming Warfare
60%
2020 Devs
40%
No matching quizzes found
Score Distribution
Percent of People with Each Score
Percentile by Number Answered
Your Score History
You have not taken this quiz